Evaluación de fertirrigación contra abono orgánico (pollinaza) en la producción de Tomate (Solanum lycopersicum). Variedad P52 (Registro nro. 33403)

Detalles MARC
000 -CABECERA
Longitud fija campo de control 01058nam a22002177a 4500
003 - IDENTIFICADOR DELl NÚMERO DE CONTROL
Identificador del número de control OSt
005 - FECHA Y HORA DE LA ÚLTIMA TRANSACCIÓN
Fecha y hora de la última transacción 20231117211724.0
008 - CÓDIGOS DE INFORMACIÓN DE LONGITUD FIJA
Códigos de información de longitud fija 150408b2022 slv spa
040 ## - FUENTE DE LA CATALOGACIÓN
Centro transcriptor BMC
082 ## - NÚMERO DE LA CLASIFICACIÓN DECIMAL DEWEY
Númeroo de clasificación 630.7284
100 1# - PUNTO DE ACCESO PRINCIPAL-NOMBRE DE PERSONA
9 (RLIN) 46645
Nombre de persona Herrera Duarte, Fredi Adalberto
245 10 - MENCIÓN DE TÍTULO
Título Evaluación de fertirrigación contra abono orgánico (pollinaza) en la producción de Tomate (Solanum lycopersicum). Variedad P52
Resto del título : Investigación, Informe final
Mención de responsabilidad, etc. Fredi Adalberto Herrera Duarte, Fátima Guadalupe Herrera López
260 ## - PUBLICACIÓN, DISTRIBUCIÓN, ETC. (PIE DE IMPRENTA)
Lugar de publicación, distribución, etc. Santa Ana, El Salvador
Nombre del editor, distribuidor, etc. Universidad Católica de El Salvador
Fecha de publicación, distribución, etc. 2022
300 ## - DESCRIPCIÓN FÍSICA
Extensión 83 h+[5 pág.]
Dimensiones 28 cm
Material anejo + 1 disco compacto
500 ## - NOTA GENERAL
Nota general Precede al tít.: Universidad Católica de El Salvador, Facultad de Ingeniería y Arquitectura
502 ## - NOTA DE TESIS
Nota de tesis Para optar al título de Ingeniero Agronómo
650 24 - PUNTO DE ACCESO ADICIONAL DE MATERIA - TÉRMINO DE MATERIA
9 (RLIN) 33273
Término de materia o nombre geográfico como elemento inicial Agronomía
Subdivisión geográfica El Salvador
700 1# - PUNTO DE ACCESO ADICIONAL - NOMBRE DE PERSONA
9 (RLIN) 46646
Nombre de persona Herrera López, Fátima Guadalupe
710 2# - PUNTO DE ACCESO ADICIONAL - NOMBRE DE ENTIDAD
9 (RLIN) 1166
Nombre de entidad o nombre de jurisdicción como elemento inicial Universidad Católica de El Salvador
Unidad subordinada Facultad de Ingeniería y Arquitectura
942 ## - ENTRADA DE ELEMENTOS AGREGADOS (KOHA)
Fuente de clasificaión o esquema Dewey Decimal Classification
Koha [por defecto] tipo de item 4- Trabajo de Graduación
Parte de clasificación prozim
Existencias
Suprimido Perdido Fuente de clasificación o esquema Estropeado Restricciones de uso No para préstamo Código de colección Localización permanente Localización actual Localización en estanter&íacute;as Fecha adquisición Fuente de adquisición Número de inventario Préstamos totales Signatura completa Código de barras Fecha última consulta Fecha del precio de reemplazo Tipo de item de Koha
NULL NULL Dewey Decimal Classification NULL Prestable NULL NULL Biblioteca Miguel de Cervantes - UNICAES Biblioteca Miguel de Cervantes - UNICAES Sala Principal 21/04/2022 Donación - Fredi Adalberto Herrera Duarte, Fátima Guadalupe Herrera López 000780   I-000780 1049895 07/10/2022 07/10/2022 4- Trabajo de Graduación